| 000 | 00694nam a22002297a 4500 | ||
|---|---|---|---|
| 001 | 29885 | ||
| 003 | UA-OsUOA | ||
| 005 | 20220701212738.0 | ||
| 007 | ta | ||
| 008 | 20041029b un ||||| |||| 00| 0 ukr d | ||
| 040 |
_aUA-OsUOA _brus _cUA-OsUOA _dUA-OsUOA |
||
| 041 | _arus | ||
| 044 | _aRU | ||
| 080 | _a82.09 | ||
| 090 |
_a82.09 _bР89 |
||
| 245 |
_aРусская литература и зарубежное искусство _bсборник исследований и материалов _cред. М. П. Алексеев, Р. Ю. Данилевский |
||
| 260 |
_aЛенинград _bНаука _c1986 |
||
| 300 | _a391 с. | ||
| 650 | 7 | _2UDC | |
| 942 |
_cBK _2udc |
||
| 955 | _a0 | ||
| 999 |
_c316284 _d316284 |
||